Essential mathematics for economic analysis (Record no. 2478)
[ view plain ]
| 000 -LEADER | |
|---|---|
| fixed length control field | 00297nam a22001337a 4500 |
| 020 ## - INTERNATIONAL STANDARD BOOK NUMBER | |
| International Standard Book Number | 9789332517394 |
| 082 ## - DEWEY DECIMAL CLASSIFICATION NUMBER | |
| Classification number | 330.0151 |
| 100 ## - MAIN ENTRY--PERSONAL NAME | |
| Personal name | Sydsaeter, Knut |
| 245 ## - TITLE STATEMENT | |
| Title | Essential mathematics for economic analysis |
| 250 ## - EDITION STATEMENT | |
| Edition statement | 4th |
| 260 ## - PUBLICATION, DISTRIBUTION, ETC. | |
| Place of publication, distribution, etc. | UK |
| Name of publisher, distributor, etc. | Pearson |
| Date of publication, distribution, etc. | 2014 |
| 300 ## - PHYSICAL DESCRIPTION | |
| Extent | 745 |
| 942 ## - ADDED ENTRY ELEMENTS (KOHA) | |
| Koha item type | Book |
| Withdrawn status | Lost status | Damaged status | Not for loan | Collection code | Permanent Location | Current Location | Shelving location | Date acquired | Total Checkouts | Full call number | Barcode | Date last seen | Price effective from | Koha item type |
|---|---|---|---|---|---|---|---|---|---|---|---|---|---|---|
| Central Library (CL) | Central Library (CL) | General Stacks | 01/20/2016 | 330.0151 SYD | S3H-S-611 | 01/20/2016 | 01/20/2016 | Book | ||||||
| Central Library (CL) | Central Library (CL) | General Stacks | 01/20/2016 | 330.0151 syd | S3H-S-612 | 01/20/2016 | 01/20/2016 | Book |
